A Case Study of the Attitude of the Seventh-Day Adventist Church Ilorin, Nigeria on the Gift of Miracle and Healing (Record no. 8164)
[ view plain ]
| 000 -LEADER | |
|---|---|
| fixed length control field | 00614nam a22001697a 4500 |
| 003 - CONTROL NUMBER IDENTIFIER | |
| control field | AUA.1 |
| 005 - DATE AND TIME OF LATEST TRANSACTION | |
| control field | 20191024190938.0 |
| 008 - FIXED-LENGTH DATA ELEMENTS--GENERAL INFORMATION | |
| fixed length control field | 121025t xxu||||| |||| 00| 0 eng d |
| 040 ## - CATALOGING SOURCE | |
| Transcribing agency | JTL |
| 100 ## - MAIN ENTRY--PERSONAL NAME | |
| Personal name | David Adewale Alabi |
| 9 (RLIN) | 27993 |
| 245 ## - TITLE STATEMENT | |
| Title | A Case Study of the Attitude of the Seventh-Day Adventist Church Ilorin, Nigeria on the Gift of Miracle and Healing |
| Statement of responsibility, etc | David Adewale Alabi |
| 300 ## - PHYSICAL DESCRIPTION | |
| Extent | 69 p. : |
| Dimensions | 29 cm. |
| 650 ## - SUBJECT ADDED ENTRY--TOPICAL TERM | |
| Topical term or geographic name as entry element | Healing, gift |
| 9 (RLIN) | 27994 |
| 650 ## - SUBJECT ADDED ENTRY--TOPICAL TERM | |
| Topical term or geographic name as entry element | Miracle, gift |
| 9 (RLIN) | 27995 |
| 650 ## - SUBJECT ADDED ENTRY--TOPICAL TERM | |
| Topical term or geographic name as entry element | Gifts, Attitudes |
| Form subdivision | Seventh-day Adventists |
| Geographic subdivision | Nigeria |
| 9 (RLIN) | 27996 |
| 942 ## - ADDED ENTRY ELEMENTS (KOHA) | |
| Source of classification or shelving scheme | AUA Inhouse Classification |
| Koha item type | Project |
| Classification part | MA PTh |
| Item part | .D38 2009 |
| Withdrawn status | Lost status | Source of classification or shelving scheme | Damaged status | Not for loan | Collection code | Home library | Current library | Shelving location | Date acquired | Source of acquisition | Cost, normal purchase price | Serial Enumeration / chronology | Full call number | Barcode | Date last seen | Cost, replacement price | Price effective from | Koha item type | Total Checkouts | Date checked out | Copy number |
|---|---|---|---|---|---|---|---|---|---|---|---|---|---|---|---|---|---|---|---|---|---|
| AUA Inhouse Classification | JTL Research Collection | Judith Thomas Library | Judith Thomas Library | Judith Thomas Library Research Section | 25/10/2012 | AUA RESEARCH DEPARTMENT | 15.00 | AUA011174 | MA PTh .D38 2009 | AUA011174 | 25/10/2012 | 15.00 | 25/10/2012 | Project | |||||||
| AUA Inhouse Classification | JTL Research Collection | Judith Thomas Library | Judith Thomas Library | Judith Thomas Library Research Section | 25/10/2012 | AUA RESEARCH DEPARTMENT | 15.00 | AUA011175 | MA PTh .D38 2009 | AUA011175 | 02/09/2014 | 15.00 | 25/10/2012 | Project | 1 | 17/08/2014 | 2 |